Designing New Trade Policies for the CIS States Legacies, Barriers and Prerequisites

Na minha lista:
Detalhes bibliográficos
Autor principal: Langhammer, Rolf J.
Formato: Livro
Idioma:inglês
Publicado em: Kiel Institut für Weltwirtschaft 1994
Colecção:Kiel Working Paper No.625
Assuntos:
Tags: Adicionar Tag
Sem tags, seja o primeiro a adicionar uma tag!

MARC

LEADER 00000nam a2200000 4500
001 c005398
005 20250521092907.0
041 0 |a eng 
044 |a DE 
245 1 0 |a Designing New Trade Policies for the CIS States  |b Legacies, Barriers and Prerequisites  |c Rolf J. Langhammer 
264 1 |a Kiel  |b Institut für Weltwirtschaft  |c 1994 
300 |a 41 s. 
490 1 |a Kiel Working Paper  |v No.625 
830 0 |a Kiel Working Paper  |v No.625 
610 2 0 |a politika obchodná 
610 2 0 |a obchod vnútorný 
610 2 0 |a obchod zahraničný 
610 2 0 |a Spoločenstvo nezávislých štátov 
610 2 0 |a bariéry obchodu zahraničného 
610 2 0 |a ZSSR 
100 1 |a Langhammer, Rolf J.